00389nam a2200109Ia 4500082001700000245004800017100005300065942000700118008004100125999001700166952009600183 aJ 709.68 LEE 0aNoria Mabasa : carving her name in history  a LEE, Donve Gallo Manor, 2006 1st ed 919085 cBK210817s9999 xx 000 0 und d c85498d85497 00104070aKHULLbKHULLd2021-08-17g315.00l0p33228019666906r2021-08-17w2021-08-17yBK